000 01033cam a2200193 4500
001 ABS63447
008 000000n2000 000 0 eng u
035 _a(Sirsi) u110566
245 _aHow to... deal with a terminal dilapidations claim
260 _c2000
490 _aCommercial Property
_v3(5) December 2000, 14-16(3)
520 _aOutlines the main points of the Property Litigation Association's draft pre-action protocol for terminal dilapidations claims. Details the general aims and effects of pre-action protocols as outlined by Lord Woolf, the aims of this protocol, comments on the draft and concludes that its principal benefit is as a model for good practice although it has yet to be adopted by the Lord Chancellor's department. The full text of the draft protocol is available from PLA, email: [email protected]
590 _aABS
650 _aDilapidations
_96235
650 _aPRE-ACTION PROTOCOLS
650 _aPROPERTY LITIGATION ASSOCIATION
690 _aLANDLORD AND TENANT-LEASES
942 _n0
999 _c65908
_d65908